| 000 | 00899nam a2200253 i 4500 | ||
|---|---|---|---|
| 001 | 18210 | ||
| 003 | ES-MaACL | ||
| 005 | 20241117063058.0 | ||
| 007 | t| | ||
| 008 | 010813s1997 sp ||||0|dspa j | ||
| 020 | _a84-920091-4-4 | ||
| 080 | _a39(460.182)(094.5) | ||
| 100 | 0 |
_aFernández de Mata, Ignacio, _d1967- _949688 |
|
| 245 | 1 | 0 |
_aDe la vida, del amor y la muerte _b: Burgos en la encuesta de 1901-1902 del Ateneo de Madrid : fuentes para la investigación antropológica / _cIgnacio Fernández de Mata. |
| 250 | _a1ª ed. | ||
| 260 |
_aBurgos : _bLibrería Berceo, _c1997. |
||
| 300 |
_a169 p : _bil ; _c24 cm. |
||
| 610 | 2 | 4 |
_aAteneo de Madrid- _xEncuesta de 1901-1902 _91917 |
| 650 | 7 |
_2embne _9227290 _aEncuestas |
|
| 651 | 4 |
_aBurgos (Provincia)- _xUsos y costumbres- _vEncuestas. _97910 |
|
| 852 |
_aES-MaACL _jL-24895 |
||
| 942 | _2udc | ||
| 999 |
_c18210 _d18210 |
||